000 01432nam0a22002651 4500
001 rc\4698778
005 20260408084057.0
021 _aRU
_b[67-19578]
035 _a(NLR Aleph) 008718235
090 _a9401337
_c9401337
100 _a20130416d1967 |||y0rusy50 ca
101 0 _arus
102 _aRU
105 _ay z |||||
200 1 _aПредложения научно-исследовательских институтов и опытных станций по внедрению достижений науки и передового опыта в сельскохозяйственное производство
_fГл. упр. с.-х. науки и пропаганды М-ва сел. хоз-ва БССР
210 _aМинск
_c[Урожай]
_d1967
215 _a28 с.
_d20
320 _aСписок рекомендаций, инструкций, метод. указаний и брошюр, изд. в 1965-1966 гг. изд-вом "Урожай" по пропаганде достижений науки и передового опыта: с. 27-28
606 _aСельское хозяйство
_yБССР
_2psbo
712 0 1 _aБCСР
_bГлавное управление сельскохозяйственной пропаганды и науки
_3RU\NLR\AUTH\8810179750
_9855714
801 0 _aRU
_bNLR
_gpsbo
801 1 _aRU
_bELAR
_2rusmarc
852 _aNLR
_j67-4/6575
942 _cBOOK
980 _aNB